Statistics for Romania - Switzerland UEFA Euro 2016

Click here to take the quiz!

General Stats

  • This quiz has been taken 21 times
    (20 since last reset)
  • The average score is 11 of 30

Answer Stats

Answer % Correct
Xherdan Shaqiri
81%
Granit Xhaka
81%
Yann Sommer
75%
Ricardo Rodriguez
56%
Admir Mehmedi ¹
56%
Fabian Schär
56%
Breel Embolo
50%
Haris Seferovic
50%
Bogdan Stancu ¹
50%
Johan Djourou
44%
Vlad Chiricheș
44%
Blerim Džemaili
44%
Valon Behrami
44%
Stephan Lichtsteiner
44%
Ciprian Tătăruşanu
38%
Răzvan Raț
38%
Anghel Iordănescu
31%
Vladimir Petkovic
31%
Cristian Săpunaru
25%
Claudiu Keșerü
25%
Florin Andone
25%
Michael Lang
25%
Alexandru Chipciu
19%
Gabriel Torje
19%
Mihai Pintilii
13%
Dragoș Grigore
13%
Andrei Prepelita
6%
Ovidiu Hoban
6%
Steliano Filip
6%
Shani Tarashaj
0%

Score Distribution

Percentile by Number Answered

Percent of People with Each Score

Your Score History

You have not taken this quiz since the last reset